header

The religious art of Zen Master Hakuin (Record no. 1037)

MARC details
000 -LEADER
fixed length control field 01250nam a2200337 a 4500
082 04 - DEWEY DECIMAL CLASSIFICATION NUMBER
Classification number 294.3/927092
100 1# - MAIN ENTRY--AUTHOR NAME
Personal name Yoshizawa, Katsuhiro.
245 14 - TITLE STATEMENT
Title The religious art of Zen Master Hakuin
260 ## - PUBLICATION, DISTRIBUTION, ETC. (IMPRINT)
Place of publication Berkeley, Calif. :
Name of publisher Counterpoint,
Year of publication 2009.
300 ## - PHYSICAL DESCRIPTION
Number of Pages x, 255 p. :
Other physical details ill.
650 #0 - SUBJECT ADDED ENTRY--TOPICAL TERM
Topical Term Zen painting
700 1# - ADDED ENTRY--PERSONAL NAME
Personal name Waddell, Norman.
856 40 - ELECTRONIC LOCATION AND ACCESS
Uniform Resource Identifier http://site.ebrary.com/lib/rucke/Doc?id=10288601

No items available.

© 2026 Rongo University
Contact us: librarian | system librarian | Rongo university